Business Communication (Record no. 5926)

MARC details
000 -LEADER
fixed length control field 00343nam a2200157Ia 4500
003 - CONTROL NUMBER IDENTIFIER
control field OSt
008 - FIXED-LENGTH DATA ELEMENTS--GENERAL INFORMATION
fixed length control field 191201s2012 xx 000 0 und d
082 ## - DEWEY DECIMAL CLASSIFICATION NUMBER
Classification number 658.45
Item number LEB
100 ## - MAIN ENTRY--PERSONAL NAME
Personal name LESIKAR, Raymond
245 #0 - TITLE STATEMENT
Title Business Communication
250 ## - EDITION STATEMENT
Edition statement Rep
260 ## - PUBLICATION, DISTRIBUTION, ETC. (IMPRINT)
Place of publication, distribution, etc New Delhi
Name of publisher, distributor, etc TMH
Date of publication, distribution, etc 2012
300 ## - PHYSICAL DESCRIPTION
Extent 737
650 ## - SUBJECT ADDED ENTRY--TOPICAL TERM
Topical term or geographic name as entry element BBA
942 ## - ADDED ENTRY ELEMENTS (KOHA)
Source of classification or shelving scheme Dewey Decimal Classification
Koha item type Text Books
Holdings
Withdrawn status Lost status Source of classification or shelving scheme Damaged status Not for loan Collection code Home library Current library Date acquired Source of acquisition Cost, normal purchase price Bill Number Total Checkouts Full call number Acc. no. / Barcode Date last seen Actual Cost, discounted price Bill Date Koha item type Date last borrowed Checked out
    Dewey Decimal Classification     BBA PIET C-LIBRARY PIET C-LIBRARY 10/07/2014 Orange Books International 650.00 4491   658.45 LEB 24369 04/12/2019 455.00 09/07/2014 Reference Books    
    Dewey Decimal Classification     BBA PIET C-LIBRARY PIET C-LIBRARY 10/07/2014 Orange Books International 650.00 4491   658.45 LEB 24370 04/12/2019 455.00 09/07/2014 Text Books    
    Dewey Decimal Classification     BBA PIET C-LIBRARY PIET C-LIBRARY 10/07/2014 Orange Books International 650.00 4491 1 658.45 LEB 24371 08/02/2025 455.00 09/07/2014 Text Books 13/01/2024  
    Dewey Decimal Classification     BBA PIET C-LIBRARY PIET C-LIBRARY 10/07/2014 Orange Books International 650.00 4491 2 658.45 LEB 24372 08/08/2023 455.00 09/07/2014 Text Books 08/08/2023 22/08/2023
    Dewey Decimal Classification     BBA PIET C-LIBRARY PIET C-LIBRARY 10/07/2014 Orange Books International 650.00 4491   658.45 LEB 24373 04/12/2019 455.00 09/07/2014 Text Books    

Design & Developed by: PIET Central Library
R70 Miles Stone Pattikalyana Samalkha Panipat 132102
mail ID :- [email protected], Phone No:- 0180-2569700 Ex.216